Barron's GMAT: Graduate management admission test 2007-2008 (Record no. 1219)
[ view plain ]
| 000 -LEADER | |
|---|---|
| fixed length control field | 00491nam a2200181Ia 4500 |
| 008 - FIXED-LENGTH DATA ELEMENTS--GENERAL INFORMATION | |
| fixed length control field | 130318s9999 xx 000 0 und d |
| 020 ## - INTERNATIONAL STANDARD BOOK NUMBER | |
| International Standard Book Number | 8175155469 |
| 082 ## - DEWEY DECIMAL CLASSIFICATION NUMBER | |
| Classification number | 658.31125 JAF/B � |
| 100 ## - MAIN ENTRY--PERSONAL NAME | |
| Personal name | Jaffe, Eugene D |
| 245 ## - TITLE STATEMENT | |
| Title | Barron's GMAT: Graduate management admission test 2007-2008 |
| 250 ## - EDITION STATEMENT | |
| Edition statement | 14 |
| 260 ## - PUBLICATION, DISTRIBUTION, ETC. | |
| Name of publisher, distributor, etc. | Galgotia Publications Pvt.Ltd |
| Place of publication, distribution, etc. | New Delhi |
| Date of publication, distribution, etc. | 2007 |
| 300 ## - PHYSICAL DESCRIPTION | |
| Extent | 511 |
| Accompanying material | 1 CD |
| 650 ## - SUBJECT ADDED ENTRY--TOPICAL TERM | |
| Topical term or geographic name entry element | ADMISSION TEST |
| 650 ## - SUBJECT ADDED ENTRY--TOPICAL TERM | |
| Topical term or geographic name entry element | GMAT |
| 650 ## - SUBJECT ADDED ENTRY--TOPICAL TERM | |
| Topical term or geographic name entry element | TEST |
| 700 ## - ADDED ENTRY--PERSONAL NAME | |
| Personal name | Hilbert, Stephen |
| Withdrawn status | Lost status | Source of classification or shelving scheme | Damaged status | Not for loan | Home library | Current library | Shelving location | Date acquired | Cost, normal purchase price | Total Checkouts | Full call number | Barcode | Date last seen | Date last checked out | Price effective from | Koha item type |
|---|---|---|---|---|---|---|---|---|---|---|---|---|---|---|---|---|
| Dewey Decimal Classification | Kerala University of Digital Sciences, Innovation and Technology Knowledge Centre | Kerala University of Digital Sciences, Innovation and Technology Knowledge Centre | 18/03/2013 | 272.00 | 1 | R 658.31125 JAF/B | 1226 | 02/09/2013 | 26/08/2013 | 18/03/2013 | Reference |